000 00380nam a2200157Ia 4500
008 240729s9999 xx 000 0 und d
022 _a2227-7390
245 0 _aMathematics
260 _aSwitzerland
260 _bMDPI AG
650 _a Mathematics
650 _aScience
856 _uhttps://doaj.org/toc/a0bc0ed771a04fe69abed76c2c03beab
942 _2ddc
942 _cDOAJEJ
999 _c67559
_d67559
945 _a1
_bMadushi Gamage
_c1
_dMadushi Gamage